000
00271nam a2200097Ia 4500
001
759838
005
20250826165137.0
008
250824s9999 xx 000 0 und d
245
0
_a
ELİF GİBİ SEVMEK 2 AŞK-I TEVEKKÜL
_c
HİKMET ANIL ÖZTEKİN
260
_b
YAKAMOZ YAYINLARI
999
_c
759838
_d
759838